| 000 | 00619nam a2200229 i 4500 | ||
|---|---|---|---|
| 001 | 8349 | ||
| 003 | ES-MaACL | ||
| 005 | 20230906145435.0 | ||
| 007 | t| | ||
| 008 | 920505s1991 sp ||||1| spa d | ||
| 020 | _a84-397-1801-2 | ||
| 080 | _a86-311.1"19" | ||
| 080 | _a86(Goytisolo,J.7 C.01) | ||
| 100 | 1 |
_aGoytisolo, Juan. _959422 |
|
| 245 | 1 | 3 |
_aLa cuarentena / _cJuan Goytisolo. |
| 260 |
_aMadrid : _bMondadori EspaƱa, _cD.L. 1991. |
||
| 300 |
_a40 p. ; _c22 cm. |
||
| 490 | 1 | _aNarrativa Mondadori | |
| 830 | 0 |
_aNarrativa Mondadori _9178089 |
|
| 852 |
_aES-MaACL _jL-15705 _bR.120042 |
||
| 999 |
_c8349 _d8349 |
||